| 000 | 00594nam a2200193 a 4500 | ||
|---|---|---|---|
| 008 | |||
| 020 | _a0935702997 (hbk.) | ||
| 090 |
_aQD453.2 _bMcQ |
||
| 100 | 1 | _aMcQuarrie, Donald A. | |
| 245 | 1 | 0 |
_aPhysical chemistry : _ba molecular approach / _cDonald A. McQuarrie, John D. Simon. |
| 260 |
_aSausalito : _bUniversity Science Books, _cc1997. |
||
| 650 | 1 |
_aChemistry _xPhysical and theoritical. |
|
| 907 |
_a.b10264978 _b13-08-09 _c13-08-09 |
||
| 003 | |||
| 005 | 20230123124942.0 | ||
| 040 | _cNUST | ||
| 049 | _aMAIN | ||
| 942 |
_cBOOKS _kQD453.2 _mMcQ |
||
| 999 |
_c133146 _d133146 |
||